[Event "DSOL 05 Liga Gr-B 1st"]
[Site "Playchess.com INT"]
[Date "2020.07.24"]
[Round "5.2"]
[White "Sander, Kamil"]
[Black "Malsam, Julius"]
[Result "1-0"]
[WhiteElo "1832"]
[BlackElo "1732"]
[PlyCount "81"]
[EventDate "2020.06.22"]
[EventType "team-tourn (rapid)"]
[EventCountry "GER"]
[SourceTitle "EXT 2021"]
[Source "ChessBase"]
[SourceDate "2020.10.23"]
[SourceVersion "1"]
[SourceVersionDate "2020.10.23"]
[SourceQuality "1"]
[WhiteTeam "Gross Gerau"]
[BlackTeam "Ketsch II"]
[WhiteTeamCountry "GER"]
[BlackTeamCountry "GER"]

1. e4 c5 2. Nf3 e6 3. d4 cxd4 4. Nxd4 Nc6 5. Nxc6 bxc6 6. Bd3 Qc7 7. 0-0 Nf6 8. c4 d5 9. cxd5 cxd5 10. Nc3 dxe4 11. Nxe4 Be7 12. Bd2 0-0 13. Bc3 Nd5 14. Bd4 Bb7 15. Qh5 h6 16. Rac1 Qb8 17. Be5 Qd8 18. Rfd1 Rc8 19. Rxc8 Qxc8 20. Qg4 f6 21. Nd6 Qc7 22. Nxb7 Qxe5 23. Na5 Bd6 24. g3 Nb6 25. Nc6 f5 26. Nxe5 fxg4 27. Nxg4 Bc5 28. Rd2 Nd5 29. Kg2 Rb8 30. Ne5 Rb7 31. b3 a5 32. Bc4 Nc7 33. Rd7 Ra7 34. Nc6 Rb7 35. Nxa5 Ra7 36. Nc6 Rb7 37. Rd8+ Kf7 38. Rd7+ Kf6 39. Nd8 Ra7 40. a4 Be7 41. Nc6 1-0

[Event "DSOL 05 Liga Gr-B 1st"]
[Site "Playchess.com INT"]
[Date "2020.06.26"]
[Round "1.2"]
[White "Sander, Kamil"]
[Black "Moerke, Niklas"]
[Result "1/2-1/2"]
[WhiteElo "1832"]
[BlackElo "1770"]
[PlyCount "102"]
[EventDate "2020.06.22"]
[EventType "team-tourn (rapid)"]
[EventCountry "GER"]
[SourceTitle "EXT 2021"]
[Source "ChessBase"]
[SourceDate "2020.10.23"]
[SourceVersion "1"]
[SourceVersionDate "2020.10.23"]
[SourceQuality "1"]
[WhiteTeam "Gross Gerau"]
[BlackTeam "Bad Salzdetfurth"]
[WhiteTeamCountry "GER"]
[BlackTeamCountry "GER"]

1. e4 e6 2. d4 d5 3. e5 c5 4. c3 Nc6 5. Nf3 Qb6 6. a3 c4 7. g3 Na5 8. Nbd2 Ne7 9. Bh3 Ng6 10. 0-0 Be7 11. Ne1 f6 12. exf6 Bxf6 13. f4 0-0 14. Kh1 Ne7 15. Nef3 Nf5 16. Qe2 Nb3 17. Rb1 Nxd2 18. Bxd2 Bd7 19. Rfe1 Rae8 20. Ne5 Ba4 21. Be3 Bxe5 22. dxe5 Nxe3 23. Qxe3 Qxe3 24. Rxe3 Bc2 25. Rc1 Be4+ 26. Bg2 Bxg2+ 27. Kxg2 Rf7 28. h4 Ref8 29. Rd1 h6 30. Rd4 g5 31. hxg5 hxg5 32. Rf3 gxf4 33. gxf4 Kh7 34. Kf2 Rf5 35. Ke3 Rh5 36. Rd2 Rg8 37. f5 Rg4 38. Rd4 Rg2 39. fxe6 Rxe5+ 40. Kf4 Rxe6 41. Kf5 Re8 42. Rh3+ Kg7 43. Rxd5 Rf8+ 44. Ke4 Rxb2 45. Rg3+ Kf6 46. Rf3+ Ke7 47. Re5+ Kd6 48. Rd5+ Ke7 49. Re5+ Kd6 50. Rd5+ Ke6 51. Re5+ Kd6 1/2-1/2